000 00365nam a2200145Ia 4500
005 20251222144759.0
008 251222s9999||||xx |||||||||||||| ||spa||
020 _a9.7884672258e+012
082 _a863.64/B24
100 _aBarry, Dave
245 0 _aPeter y los Cazadores de Estrellas
250 _a1ra. ed.
264 _bCĂ­rculo de Lectores, S.A.
942 _cLIB
999 _c19663
_d19663